000
00300nam a2200121Ia 4500
008
191201s2008 xx 000 0 und d
100
_a
FISCHER, Donald E.
245
0
_a
Security Analysis and Portfolio Management
260
_a
N. Delhi
_b
PHI
_c
2008
300
_a
691
650
_a
MBA
942
_2
ddc
_c
BK
999
_c
6550
_d
6550